000 00695nam a2200193 i 4500
001 39303
003 ES-MaACL
005 20231229062541.0
007 t|
008 030227s1956 sp ||||1| spa d
100 1 _aCalle Iturrino, Esteban.
_933706
245 1 0 _aHimnario
_b: poesía civil y religiosa (antología) /
_cestudios críticos de Federico C. Saínz de Robles y Luis Astrana Marín.
260 _aBilbao :
_b[Caja de Ahorros Vizcaína,
_c1956] (
_fNore)
300 _a182 p. :
_bretr. aut. ;
_c21 cm.
700 1 _aSainz de Robles, Federico Carlos,
_d1898-1982
_9101593
700 1 _aAstrana Marín, Luis.
_923693
852 _aES-MaACL
_jC-14215
_bR.41789
999 _c39303
_d39303